000 00738nam a2200253 a 4500
001 54022
003 BD-RjUL
005 20211209080048.0
008 161031s1983 nyu||||| |||| 00| 0 eng d
020 _a0412253402
035 _a(BD-RjUL)54144
040 _aBD-RjUL
_beng
_cBD-RjUL
041 _aeng
082 _223
_a519.5
_bCHS 1983
100 1 _aChatfield, Christopher
_9154558
245 1 0 _aStatistics for technology :
_ba course in applied statistics /
_cChristopher Chatfield
250 _a3rd ed.
260 _aNew York :
_b Chapman and Hall,
_c1983.
300 _a381 p. :
_bill. ;
_c21 cm
490 _aScience paperbacks,
_v 114.
500 _aIncludes Index
650 _aStatistical methods
_9161310
942 _2ddc
_cBK
999 _c54022
_d54022